|
|
|
|
| LEADER |
01184ppm a22003018a 4500 |
| 001 |
00031272 |
| 005 |
20171026081023.0 |
| 008 |
131107s2009 ||||||viesd |
| 041 |
0 |
# |
|a vie
|
| 082 |
1 |
4 |
|b S550CH
|a 330.095 979 3
|
| 100 |
1 |
# |
|a Trần, Minh Thuận
|
| 245 |
0 |
0 |
|a Sự chuyển biến của kinh tế Cần Thơ trong giai đoạn 1876-1945
|b Luận văn thạc sĩ khoa học lịch sử. Chuyên ngành: Lịch sử Việt Nam. Mã số: 60.22.54
|c Trần Minh Thuận; Trần Vũ Tài (hướng dẫn)
|
| 260 |
# |
# |
|a Vinh
|b Đại học Vinh
|c 2009
|
| 300 |
# |
# |
|a 98 tr.+phụ lục
|c 30cm.
|b ảnh màu
|
| 500 |
# |
# |
|a ĐTTTS ghi:Bộ Giáo dục và Đào tạo. Trường Đại học Vinh
|
| 653 |
# |
# |
|a 1876- 1945
|
| 653 |
# |
# |
|a Cần Thơ
|
| 653 |
# |
# |
|a Sự chuyển biến
|
| 653 |
# |
# |
|a Luận văn
|
| 653 |
# |
# |
|a Kinh tế
|
| 700 |
1 |
# |
|a Trần, Vũ Tài
|e Hướng dẫn
|
| 852 |
# |
# |
|j LV.0000323
|
| 852 |
# |
# |
|b Kho đọc SĐH
|j LV.0000323
|
| 910 |
|
|
|d 07/11/2013
|
| 980 |
# |
# |
|a Trung tâm Học liệu Lê Vũ Hùng, Trường Đại học Đồng Tháp
|